[Event "?"]
[Site "?"]
[Date "????.??.??"]
[Round "?"]
[White "Bhend, E."]
[Black "Strauss, P."]
[Result "1-0"]
[WhiteElo "2221"]
[BlackElo "1800"]
[PlyCount "61"]
[EventDate "2013.??.??"]
[WhiteTeam "Schweiz"]
[BlackTeam "BSW/DBAG 3"]

1. e4 d6 2. d4 g6 3. Nf3 Bg7 4. Bc4 Nf6 5. Qe2 d5 6. exd5 Nxd5 7. O-O Nc6 8. c3
O-O 9. Na3 a6 10. Bb3 b5 11. Bd2 Bg4 12. h3 Bxf3 13. Qxf3 e6 14. Rad1 Qd7 15.
Bg5 h6 16. Bc1 Nb6 17. h4 Ne7 18. Nc2 Qc6 19. Qh3 Nf5 20. Nb4 Qe4 21. Bc2 Qb7
22. h5 a5 23. Nd3 Qe4 24. hxg6 fxg6 25. Rfe1 Qc6 26. Nf4 Nxd4 27. Be4 Qe8 28.
cxd4 Bxd4 29. Rxd4 e5 30. Bxa8 Nxa8 31. Nd3 1-0

[Event "?"]
[Site "?"]
[Date "????.??.??"]
[Round "?"]
[White "Fitzke, U."]
[Black "Hohler, P."]
[Result "0-1"]
[WhiteElo "2003"]
[BlackElo "2180"]
[PlyCount "68"]
[EventDate "2013.??.??"]
[WhiteTeam "BSW/DBAG 3"]
[BlackTeam "Schweiz"]

1. d4 Nf6 2. c4 e6 3. Nc3 Bb4 4. Bd2 O-O 5. e3 b6 6. Be2 Bb7 7. Bf3 Bxf3 8.
Nxf3 d5 9. Qb3 Bxc3 10. Bxc3 Nbd7 11. O-O Re8 12. Rac1 a5 13. Rc2 Rc8 14. Rfc1
dxc4 15. Qxc4 Ne4 16. Qc6 Nd6 17. Be1 Nb8 18. Qa4 Nd7 19. Rc6 Nb8 20. R6c3 Nd7
21. Qc2 c5 22. dxc5 Nxc5 23. a3 a4 24. Nd4 h6 25. b3 axb3 26. Nxb3 Nb5 27. Nxc5
Nxc3 28. Nxe6 Rxe6 29. Bxc3 Rec6 30. h3 Qc7 31. Qb2 Rxc3 32. Rxc3 Qxc3 33. Qxb6
Qxa3 34. Qb7 Qc1+ 0-1

[Event "?"]
[Site "?"]
[Date "????.??.??"]
[Round "?"]
[White "Wuttke, H."]
[Black "Habershon, P."]
[Result "1-0"]
[WhiteElo "2171"]
[BlackElo "2092"]
[PlyCount "73"]
[EventDate "2013.??.??"]
[WhiteTeam "Brandenburg"]
[BlackTeam "England 3"]

1. c4 g6 2. g3 Bg7 3. Bg2 Nf6 4. Nc3 O-O 5. e4 d6 6. Nge2 c5 7. O-O Nc6 8. d3
Rb8 9. f4 a6 10. h3 Bd7 11. a4 Nb4 12. Be3 Qc7 13. Qd2 Rfd8 14. g4 Be8 15. Rfc1
e6 16. Bf2 b6 17. d4 Bc6 18. d5 Ba8 19. Ng3 Re8 20. g5 Nd7 21. Re1 exd5 22.
exd5 f5 23. gxf6 Nxf6 24. Nce4 Nxe4 25. Rxe4 Rxe4 26. Bxe4 b5 27. axb5 axb5 28.
cxb5 Qf7 29. Rd1 Rxb5 30. f5 c4 31. fxg6 hxg6 32. Qg5 Bf6 33. Qg4 Bxd5 34. Bxg6
Qb7 35. Nh5 Bf3 36. Qe6+ Kh8 37. Qe8# 1-0

[Event "?"]
[Site "?"]
[Date "????.??.??"]
[Round "?"]
[White "Reuben, S."]
[Black "Walter, G."]
[Result "0-1"]
[WhiteElo "2069"]
[BlackElo "2233"]
[PlyCount "88"]
[EventDate "2013.??.??"]
[WhiteTeam "England 3"]
[BlackTeam "Brandenburg"]

1. c4 e5 2. g3 Nf6 3. Bg2 c6 4. e3 d5 5. cxd5 cxd5 6. Ne2 Nc6 7. d4 e4 8. a3
Bd6 9. Nbc3 O-O 10. O-O Be6 11. Nf4 Bxf4 12. gxf4 Qd7 13. f3 Bh3 14. fxe4 Bxg2
15. Kxg2 dxe4 16. Qe2 Ne7 17. Bd2 Rac8 18. Kh1 a6 19. Rg1 Nf5 20. Qg2 Qe6 21.
Rac1 Rfe8 22. Qf2 h5 23. Rg5 g6 24. Rcg1 Kh7 25. h3 h4 26. Rxf5 Qxf5 27. Qxh4+
Qh5 28. Qxh5+ Nxh5 29. Rg5 f5 30. Rg1 Nf6 31. Be1 Kg7 32. Bh4 Rh8 33. Bxf6+ Kf7
34. Kg2 Rh6 35. Kg3 b5 36. Rg2 Rh7 37. Rd2 Ke6 38. h4 Rhc7 39. Rh2 Rxc3 40.
bxc3 Rxc3 41. h5 Rxe3+ 42. Kf2 Rf3+ 43. Kg2 gxh5 44. Rxh5 Rxf4 0-1

[Event "?"]
[Site "?"]
[Date "????.??.??"]
[Round "?"]
[White "Grottke, H."]
[Black "Wood, P."]
[Result "1-0"]
[WhiteElo "2220"]
[BlackElo "1951"]
[PlyCount "37"]
[EventDate "2013.??.??"]
[WhiteTeam "Brandenburg"]
[BlackTeam "England 3"]

1. e4 e6 2. d4 d5 3. Nc3 Nf6 4. e5 Nfd7 5. f4 c5 6. Nf3 Nc6 7. Be3 cxd4 8. Nxd4
Bc5 9. Qd2 O-O 10. O-O-O a6 11. h4 Nxd4 12. Bxd4 b5 13. h5 Bxd4 14. Qxd4 f6 15.
Nxd5 fxe5 16. fxe5 Qg5+ 17. Kb1 Qxe5 18. Ne7+ Kh8 19. Ng6+ 1-0

[Event "?"]
[Site "?"]
[Date "????.??.??"]
[Round "?"]
[White "Perk, E."]
[Black "Harestad, T."]
[Result "0-1"]
[WhiteElo "2008"]
[BlackElo "2199"]
[PlyCount "82"]
[EventDate "2013.??.??"]
[WhiteTeam "Widukind 2"]
[BlackTeam "Norwegen 1"]

1. d4 Nf6 2. Nf3 g6 3. g3 Bg7 4. Bg2 O-O 5. O-O d6 6. Re1 c5 7. c3 Nc6 8. Nbd2
cxd4 9. Nxd4 Bd7 10. N2f3 Rb8 11. e4 Ng4 12. h3 Nge5 13. Nxc6 Nxf3+ 14. Qxf3
bxc6 15. Qe2 Qa5 16. Be3 c5 17. Qd2 Be6 18. Rec1 Qb5 19. Rc2 f5 20. Kh2 a5 21.
Bf1 Qd7 22. exf5 Bxf5 23. Rcc1 a4 24. Re1 Qb7 25. Bc4+ Kh8 26. Re2 Be4 27. Bh6
Bf3 28. Bxg7+ Kxg7 29. Re3 Rf6 30. b3 Rbf8 31. Rae1 e5 32. Kg1 axb3 33. axb3
Qc8 34. Bf1 Bb7 35. f4 exf4 36. Re7+ Kh8 37. gxf4 g5 38. Bd3 Rh6 39. f5 Rxh3
40. Be4 Bxe4 41. R7xe4 Rxf5 0-1

[Event "?"]
[Site "?"]
[Date "????.??.??"]
[Round "?"]
[White "Kristiansen, E."]
[Black "Kluger, H."]
[Result "1-0"]
[WhiteElo "2219"]
[BlackElo "1950"]
[PlyCount "93"]
[EventDate "2013.??.??"]
[WhiteTeam "Norwegen 1"]
[BlackTeam "Widukind 2"]

1. d4 d5 2. c4 c6 3. Nf3 Nf6 4. Nbd2 e6 5. e3 Bd6 6. b3 O-O 7. Bb2 Nbd7 8. Bd3
Re8 9. Ne5 c5 10. O-O Qc7 11. f4 b6 12. Ndf3 Ne4 13. Rc1 Bb7 14. cxd5 exd5 15.
Bb5 Nef6 16. Ng5 Rf8 17. Qc2 g6 18. Bd3 Kg7 19. Nxh7 Kxh7 20. Bxg6+ Kg7 21. Bf5
Bxe5 22. dxe5 Ne4 23. Bxd7 Bc8 24. Bxc8 Qxc8 25. f5 Rg8 26. Rf4 Qb7 27. Rd1 Kf8
28. Qd3 Ng5 29. Rg4 Rd8 30. h4 Nh7 31. Rxg8+ Kxg8 32. Qe2 f6 33. Qf3 Qf7 34. e6
Qb7 35. Qg4+ Qg7 36. Qg6 Kf8 37. h5 Qe7 38. h6 a5 39. g4 Qc7 40. Kg2 Qb7 41.
Bxf6 d4+ 42. Kg3 Qc7+ 43. Kh3 Nxf6 44. Qxf6+ Ke8 45. Qh8+ Ke7 46. Qg7+ Kd6 47.
exd4 1-0

[Event "?"]
[Site "?"]
[Date "????.??.??"]
[Round "?"]
[White "Hentzschel, E."]
[Black "Ofstad, P."]
[Result "0-1"]
[WhiteElo "1903"]
[BlackElo "2173"]
[PlyCount "80"]
[EventDate "2013.??.??"]
[WhiteTeam "Widukind 2"]
[BlackTeam "Norwegen 1"]

1. e4 c6 2. d4 d5 3. Nc3 dxe4 4. Nxe4 Bf5 5. Ng3 Bg6 6. Nf3 e6 7. Bd3 Bd6 8.
Bxg6 hxg6 9. Ne4 Nf6 10. Qd3 Nxe4 11. Qxe4 Qa5+ 12. c3 Qd5 13. Qxd5 cxd5 14. h3
f6 15. O-O Nd7 16. Re1 Kf7 17. Bd2 Rac8 18. Re2 Rc6 19. Rae1 b5 20. Kf1 Re8 21.
h4 a5 22. a3 Nf8 23. g4 Rb8 24. b4 axb4 25. axb4 Ra8 26. Rb1 Nd7 27. Kg2 Rca6
28. Ne1 Rh8 29. Nf3 Ra2 30. Rbe1 Re8 31. Bc1 Rxe2 32. Rxe2 Ra8 33. Ne1 Ra1 34.
Nd3 e5 35. Bb2 Ra2 36. Nc1 Ra8 37. f3 Rh8 38. dxe5 Nxe5 39. f4 Nxg4 40. Kg3 Nh6
0-1

[Event "?"]
[Site "?"]
[Date "????.??.??"]
[Round "?"]
[White "Hjertenes, O."]
[Black "Ruehle, H."]
[Result "0-1"]
[WhiteElo "2096"]
[BlackElo "1638"]
[PlyCount "84"]
[EventDate "2013.??.??"]
[WhiteTeam "Norwegen 1"]
[BlackTeam "Widukind 2"]

1. Nf3 d5 2. c4 d4 3. g3 Nf6 4. Bg2 g6 5. O-O Bg7 6. d3 O-O 7. b4 Re8 8. Nbd2
e5 9. Nb3 Qe7 10. Qd2 Nbd7 11. a4 Rb8 12. Ba3 h6 13. b5 Qe6 14. Rab1 b6 15.
Rfc1 Bb7 16. c5 Bd5 17. Qb2 Rbc8 18. c6 Nf8 19. Bxf8 Rxf8 20. Nbd2 g5 21. Nc4
Nh7 22. Ncd2 g4 23. Ne1 Ng5 24. Bxd5 Nh3+ 25. Kg2 Qxd5+ 26. f3 h5 27. Ne4 Qe6
28. Nf2 Ng5 29. Rc2 Kh8 30. Qb3 Qh6 31. Qa3 f5 32. Qc1 Qg6 33. Qd1 Rcd8 34. a5
Rg8 35. axb6 axb6 36. Ra2 Bf8 37. Kf1 h4 38. fxg4 hxg3 39. hxg3 fxg4 40. Ng2
Nh3 41. Ne4 Qf7+ 42. Ke1 Qxa2 0-1

[Event "?"]
[Site "?"]
[Date "????.??.??"]
[Round "?"]
[White "Titz, H."]
[Black "Palmo, P."]
[Result "1-0"]
[WhiteElo "2204"]
[BlackElo "2036"]
[PlyCount "107"]
[EventDate "2013.??.??"]
[WhiteTeam "Wien"]
[BlackTeam "Turku"]

1. Nf3 d5 2. d4 e6 3. c4 c6 4. Nc3 f5 5. Bg5 Be7 6. Bxe7 Qxe7 7. e3 Nf6 8. Bd3
O-O 9. O-O Ne4 10. Ne5 Nd7 11. f4 Nxe5 12. fxe5 Bd7 13. Qe2 Be8 14. Bxe4 fxe4
15. Rxf8+ Kxf8 16. Rf1+ Kg8 17. c5 Bd7 18. b4 Qg5 19. Qf2 Qe7 20. a4 Rf8 21.
Qxf8+ Qxf8 22. Rxf8+ Kxf8 23. Kf2 Ke7 24. h4 Kf7 25. Kg3 Ke7 26. Kg4 Kf7 27.
Ne2 Be8 28. Nf4 Ke7 29. h5 h6 30. Kh4 Bf7 31. g4 Be8 32. g5 Bf7 33. Nh3 Kf8 34.
Nf2 hxg5+ 35. Kxg5 Ke7 36. Nd1 Be8 37. Nc3 Bf7 38. Nd1 Bg8 39. Nf2 Bh7 40. Nh1
Bg8 41. Ng3 Bf7 42. h6 gxh6+ 43. Kxh6 Kf8 44. Ne2 Ke7 45. Nf4 Be8 46. Kg7 Bf7
47. Ng6+ Ke8 48. Kf6 Bxg6 49. Kxg6 Ke7 50. Kg7 Ke8 51. Kf6 Kd7 52. Kf7 b6 53.
a5 bxc5 54. bxc5 1-0

[Event "?"]
[Site "?"]
[Date "????.??.??"]
[Round "?"]
[White "Alkkiomäki, J."]
[Black "Singer, H."]
[Result "0-1"]
[WhiteElo "1977"]
[BlackElo "2168"]
[PlyCount "60"]
[EventDate "2013.??.??"]
[WhiteTeam "Turku"]
[BlackTeam "Wien"]

1. e4 e5 2. Nf3 Nc6 3. Bb5 Nf6 4. d3 Bc5 5. O-O Qe7 6. c3 Bb6 7. Nbd2 O-O 8.
Nc4 d6 9. Bg5 Nd8 10. Ne3 c6 11. Bc4 h6 12. Bh4 g5 13. Bg3 Nh5 14. Qe2 Nf4 15.
Bxf4 exf4 16. Nc2 d5 17. Bb3 dxe4 18. Qxe4 Qxe4 19. dxe4 Ne6 20. Ncd4 Rd8 21.
Nf5 Nc5 22. Nxh6+ Kg7 23. Nf5+ Bxf5 24. exf5 Nxb3 25. axb3 g4 26. Ne5 g3 27.
hxg3 fxg3 28. Ng4 Rd2 29. f6+ Kg6 30. Ne5+ Kxf6 0-1

[Event "?"]
[Site "?"]
[Date "????.??.??"]
[Round "?"]
[White "Rantaner, V."]
[Black "Strobel, F."]
[Result "1/2-1/2"]
[WhiteElo "1917"]
[BlackElo "2099"]
[PlyCount "37"]
[EventDate "2013.??.??"]
[WhiteTeam "Turku"]
[BlackTeam "Wien"]

1. c4 e5 2. Nc3 Nf6 3. Nf3 g6 4. g3 Bg7 5. Bg2 d6 6. d4 O-O 7. O-O Nc6 8. d5
Na5 9. Qd3 c5 10. b3 a6 11. Bb2 Rb8 12. Rab1 Bd7 13. Ne4 b5 14. cxb5 axb5 15.
Qc2 Qc7 16. Rfe1 b4 17. Nfd2 c4 18. bxc4 Qxc4 19. Nf1 1/2-1/2

[Event "?"]
[Site "?"]
[Date "????.??.??"]
[Round "?"]
[White "Peltola, L."]
[Black "Jorgensen, J."]
[Result "0-1"]
[WhiteElo "2006"]
[BlackElo "2242"]
[PlyCount "73"]
[EventDate "2013.??.??"]
[WhiteTeam "Helsinki"]
[BlackTeam "Norresundby"]

1. e4 Nf6 2. Nc3 d5 3. exd5 Nxd5 4. Bc4 e6 5. Nf3 Be7 6. O-O Nb6 7. Bb3 c5 8.
d3 Nc6 9. Bf4 a6 10. Re1 O-O 11. a3 Nd5 12. Nxd5 exd5 13. h3 Be6 14. c3 Qb6 15.
Rb1 Rad8 16. d4 Bf5 17. Rc1 Be4 18. dxc5 Bxc5 19. Be3 Bxf3 20. Bxc5 Bxd1 21.
Bxb6 Bxb3 22. Bxd8 Rxd8 23. Re3 g6 24. Rce1 Kf8 25. g4 h6 26. Kg2 Bc2 27. R1e2
Ba4 28. Kg3 Na5 29. Re7 Bb5 30. Re1 Bd7 31. R7e5 Bc6 32. R5e2 Nc4 33. h4 Nd6
34. f3 Rc8 35. Rd1 Rc7 36. Rd4 Kg7 37. Rd1 0-1

[Event "?"]
[Site "?"]
[Date "????.??.??"]
[Round "?"]
[White "Pedersen, S."]
[Black "Auvinen, E."]
[Result "1-0"]
[WhiteElo "2225"]
[BlackElo "1956"]
[PlyCount "77"]
[EventDate "2013.??.??"]
[WhiteTeam "Norresundby"]
[BlackTeam "Helsinki"]

1. e4 e5 2. Nc3 Nf6 3. f4 d5 4. fxe5 Nxe4 5. Nf3 Nc6 6. Bb5 Nxc3 7. bxc3 Be7 8.
O-O O-O 9. d4 Bf5 10. Bd3 Bxd3 11. cxd3 Qd7 12. Qe1 Nd8 13. Qg3 Ne6 14. Be3 c6
15. Rae1 b5 16. Nh4 Bxh4 17. Qxh4 Rfe8 18. Rf3 Nf8 19. Ref1 Re6 20. Qf2 f6 21.
exf6 gxf6 22. Rxf6 Rxf6 23. Qxf6 Qe6 24. Bh6 Qxf6 25. Rxf6 Nd7 26. Rxc6 Nb6 27.
Rc7 Rc8 28. Rg7+ Kh8 29. Rxa7 Rxc3 30. Rb7 Rc6 31. Rb8+ Nc8 32. Bf8 Na7 33. Rd8
Rc1+ 34. Kf2 Rc2+ 35. Kg3 Rc8 36. Rxc8 Nxc8 37. Bc5 Kg7 38. Kf4 Kf6 39. g4 1-0

[Event "?"]
[Site "?"]
[Date "????.??.??"]
[Round "?"]
[White "Patola, E."]
[Black "Holst, P."]
[Result "0-1"]
[WhiteElo "1947"]
[BlackElo "2118"]
[PlyCount "62"]
[EventDate "2013.??.??"]
[WhiteTeam "Helsinki"]
[BlackTeam "Norresundby"]

1. e4 e6 2. d3 d5 3. Nd2 c5 4. g3 Nc6 5. Bg2 Nge7 6. Ngf3 g6 7. O-O Bg7 8. c3
b6 9. Nb3 d4 10. cxd4 cxd4 11. Bg5 e5 12. Qd2 O-O 13. Rac1 f6 14. Bh6 Be6 15.
Bxg7 Kxg7 16. h3 Qd6 17. g4 Nb4 18. a3 Na2 19. Rc4 b5 20. Rc5 Bxb3 21. Rxb5
Rab8 22. Ra5 Nc6 23. Ra6 Qc5 24. g5 h6 25. gxf6+ Rxf6 26. Nh2 Qc2 27. Qxc2 Bxc2
28. Ra1 Rxb2 29. Bf1 h5 30. Kg2 Nc3 31. Rc1 Bd1 0-1

[Event "?"]
[Site "?"]
[Date "????.??.??"]
[Round "?"]
[White "Olesen, P."]
[Black "Lyly, S."]
[Result "1-0"]
[WhiteElo "2054"]
[BlackElo "1893"]
[PlyCount "56"]
[EventDate "2013.??.??"]
[WhiteTeam "Norresundby"]
[BlackTeam "Helsinki"]

1. e4 c5 2. Nf3 g6 3. d4 Bg7 4. Nc3 cxd4 5. Nxd4 Nc6 6. Be3 Nf6 7. Be2 d6 8.
O-O O-O 9. Nb3 Be6 10. f4 Na5 11. f5 Bc4 12. g4 Nd7 13. g5 Be5 14. Nxa5 Bxe2
15. Qxe2 Qxa5 16. Nd5 Rae8 17. Qg4 e6 18. fxg6 fxg6 19. Rxf8+ Nxf8 20. Nf6+
Bxf6 21. gxf6 Qe5 22. Rf1 Kf7 23. c3 d5 24. Rf4 Qd6 25. Qg5 e5 26. Rf1 d4 27.
cxd4 exd4 28. Bf4 Ne6 1-0

[Event "?"]
[Site "?"]
[Date "????.??.??"]
[Round "?"]
[White "Weiß, Werner"]
[Black "Schutze, Hasso"]
[Result "1/2-1/2"]
[WhiteElo "2189"]
[BlackElo "2070"]
[PlyCount "119"]
[EventDate "2013.??.??"]
[WhiteTeam "BSW/DBAG 1"]
[BlackTeam "Dänemark 2"]

1. e4 c5 2. Nf3 Nc6 3. d3 e6 4. g3 Be7 5. Bg2 h5 6. h4 d6 7. c3 Nf6 8. a3 Bd7
9. b4 Rc8 10. b5 Ne5 11. Nxe5 dxe5 12. c4 Bd6 13. Bf3 a6 14. a4 axb5 15. axb5
Ra8 16. Rxa8 Qxa8 17. O-O Kf8 18. Bg5 Nh7 19. Be3 g6 20. Bh6+ Ke7 21. Nc3 Qg8
22. Qd2 f6 23. Be3 g5 24. Kh2 b6 25. Qd1 Nf8 26. hxg5 fxg5 27. Rh1 g4 28. Be2
Be8 29. Kg2 Nd7 30. Qd2 Kf8 31. Bh6+ Ke7 32. Bg5+ Kf8 33. Bh6+ Ke7 34. Qg5+
Qxg5 35. Bxg5+ Nf6 36. Bxf6+ Kxf6 37. Bxg4 Bf7 38. Bf3 Bc7 39. Ra1 Rd8 40. Be2
Rb8 41. Ra7 Bd8 42. Na4 Bg6 43. f4 Be8 44. Kf3 h4 45. Bf1 hxg3 46. Kxg3 Rc8 47.
Bh3 Rc7 48. Rxc7 Bxc7 49. f5 exf5 50. Bxf5 Bh5 51. Nc3 Kg5 52. Nd5 Bd8 53. Bh3
Be2 54. Bg2 Bxd3 55. Ne3 Kg6 56. Kf3 Bg5 57. Bf1 Bxf1 58. Nxf1 Bf4 59. Kg4 Kf6
60. Kh5 1/2-1/2

[Event "?"]
[Site "?"]
[Date "????.??.??"]
[Round "?"]
[White "Poulsen, H."]
[Black "Kugelmann, W."]
[Result "1/2-1/2"]
[WhiteElo "1853"]
[BlackElo "2143"]
[PlyCount "85"]
[EventDate "2013.??.??"]
[WhiteTeam "Dänemark 2"]
[BlackTeam "BSW/DBAG 1"]

1. c4 Nf6 2. g3 g6 3. Bg2 Bg7 4. Nc3 O-O 5. Nf3 d6 6. O-O e5 7. d3 Nc6 8. Rb1
h6 9. b4 Be6 10. b5 Ne7 11. e4 Nd7 12. Nd5 Nc5 13. Ne1 Nxd5 14. cxd5 Bd7 15.
Be3 b6 16. Nc2 Re8 17. Na3 a6 18. Bxc5 bxc5 19. bxa6 Rxa6 20. Nc4 Rxa2 21. Qb3
Qa8 22. Qb7 Ra7 23. Qb2 h5 24. Ra1 Rb8 25. Qc3 Rb4 26. Rxa7 Qxa7 27. Ra1 Qb8
28. h4 Kh7 29. Ra2 Bh6 30. Rb2 Ba4 31. Bf3 Bd7 32. Bd1 f5 33. Rxb4 cxb4 34. Qc2
f4 35. Kg2 Bg4 36. f3 Bd7 37. g4 hxg4 38. fxg4 f3+ 39. Bxf3 Bf4 40. Qb2 Qb5 41.
Be2 Qc5 42. Bd1 Bb5 43. Qf2 1/2-1/2

[Event "?"]
[Site "?"]
[Date "????.??.??"]
[Round "?"]
[White "Fleuch, H."]
[Black "Thygesen, E."]
[Result "1-0"]
[WhiteElo "2064"]
[BlackElo "2105"]
[PlyCount "69"]
[EventDate "2013.??.??"]
[WhiteTeam "BSW/DBAG 1"]
[BlackTeam "Dänemark 2"]

1. e4 c5 2. Nf3 Nc6 3. c3 d6 4. d4 cxd4 5. cxd4 a6 6. Be2 Nf6 7. O-O g6 8. Nc3
Bg7 9. a4 O-O 10. d5 Ne5 11. Nxe5 dxe5 12. Be3 h5 13. h3 Qd6 14. Qb3 Kh8 15. f3
g5 16. Bxg5 Nh7 17. Bh4 Qg6 18. Kh2 Rg8 19. Rg1 Bh6 20. g4 Bf4+ 21. Bg3 hxg4
22. Bxf4 exf4 23. hxg4 Ng5 24. Kg2 Qf6 25. Nd1 Rg7 26. Nf2 Kg8 27. Qc3 Qg6 28.
Qe5 Qb6 29. Qxe7 Bxg4 30. Nxg4 Qxb2 31. Rae1 Rg6 32. Rh1 b5 33. Rh6 Kg7 34.
Rxg6+ Kxg6 35. Ne5+ 1-0

[Event "?"]
[Site "?"]
[Date "????.??.??"]
[Round "?"]
[White "Nielsen, P."]
[Black "Hollstein, J."]
[Result "0-1"]
[WhiteElo "1753"]
[BlackElo "2067"]
[PlyCount "86"]
[EventDate "2013.??.??"]
[WhiteTeam "Dänemark 2"]
[BlackTeam "BSW/DBAG 1"]

1. e4 c6 2. d4 d5 3. exd5 cxd5 4. c4 Nf6 5. Nc3 g6 6. Nf3 Bg7 7. h3 O-O 8. Be3
Nc6 9. Be2 b6 10. Ne5 Nxe5 11. dxe5 Ne4 12. Nxe4 dxe4 13. f4 exf3 14. Bxf3 Rb8
15. Bf4 Qc7 16. Qe2 Be6 17. b3 Qc5 18. Qe3 Qxe3+ 19. Bxe3 Bxe5 20. Rd1 Bc3+ 21.
Kf2 Rbd8 22. Rxd8 Rxd8 23. Rd1 Rxd1 24. Bxd1 Bb4 25. Bf4 Bf5 26. Ke3 f6 27. Bb8
Bc5+ 28. Kd2 a5 29. Bf3 e5 30. Bd5+ Kf8 31. Bc7 Ke7 32. g4 Bd7 33. Kd3 Be8 34.
a3 Kd7 35. b4 Kxc7 36. bxc5 bxc5 37. h4 h6 38. Be4 Kd6 39. Ke3 Bd7 40. Bf3 f5
41. g5 hxg5 42. hxg5 Bc6 43. Be2 f4+ 0-1

[Event "?"]
[Site "?"]
[Date "????.??.??"]
[Round "?"]
[White "Ehlert, J."]
[Black "Liebert, H."]
[Result "1/2-1/2"]
[WhiteElo "1984"]
[BlackElo "2224"]
[PlyCount "33"]
[EventDate "2013.??.??"]
[WhiteTeam "BSW/DBAG 4"]
[BlackTeam "Sachsen-Anhalt"]

1. e4 c5 2. Nf3 Nc6 3. d4 cxd4 4. Nxd4 Qc7 5. Nc3 e6 6. Nxc6 bxc6 7. g3 Nf6 8.
Bg2 Ba6 9. Ne2 d5 10. exd5 cxd5 11. c3 Bc4 12. O-O Be7 13. Re1 O-O 14. Nf4 Rad8
15. Be3 Bc5 16. Bd4 Bxd4 17. cxd4 1/2-1/2

[Event "?"]
[Site "?"]
[Date "????.??.??"]
[Round "?"]
[White "Neukirch, D."]
[Black "Kalmutzki, M."]
[Result "1-0"]
[WhiteElo "2247"]
[BlackElo "1930"]
[PlyCount "103"]
[EventDate "2013.??.??"]
[WhiteTeam "Sachsen-Anhalt"]
[BlackTeam "BSW/DBAG 4"]

1. e4 c5 2. Nf3 e6 3. d4 cxd4 4. Nxd4 Nf6 5. Nc3 d6 6. Be2 Be7 7. O-O O-O 8. f4
Nc6 9. Be3 a6 10. Kh1 Qc7 11. Qe1 Nxd4 12. Bxd4 b5 13. a3 Bb7 14. Qg3 g6 15.
Bf3 d5 16. exd5 Nxd5 17. Nxd5 Bxd5 18. Bxd5 exd5 19. c3 f5 20. Rad1 Bf6 21.
Bxf6 Rxf6 22. Rfe1 Qc6 23. Qe3 Rd6 24. h3 Qd7 25. Rd4 Kf7 26. Qf3 Re8 27. Re5
Rd8 28. g4 fxg4 29. hxg4 Re8 30. Rdxd5 Rxd5 31. Rxd5 Re1+ 32. Kg2 Qe7 33. Re5
Rxe5 34. fxe5+ Ke6 35. Qf4 Kd5 36. Qd4+ Ke6 37. c4 Qb7+ 38. Kg3 Qc6 39. b3 bxc4
40. bxc4 Qc7 41. Qd5+ Ke7 42. c5 Qa5 43. Qd6+ Ke8 44. Qb8+ Kd7 45. Qb4 Qc7 46.
Kf4 Ke8 47. Qc4 Qe7 48. Qg8+ Kd7 49. Qd5+ Ke8 50. Qc6+ Kf7 51. g5 h5 52. Qf6+
1-0

[Event "?"]
[Site "?"]
[Date "????.??.??"]
[Round "?"]
[White "Gafke, M."]
[Black "Hamm, G."]
[Result "1/2-1/2"]
[WhiteElo "1887"]
[BlackElo "2109"]
[PlyCount "34"]
[EventDate "2013.??.??"]
[WhiteTeam "BSW/DBAG 4"]
[BlackTeam "Sachsen-Anhalt"]

1. d4 g6 2. Nf3 Bg7 3. c3 Nf6 4. Bf4 d6 5. e3 O-O 6. Bd3 Nbd7 7. Nbd2 Re8 8. e4
e5 9. Be3 d5 10. dxe5 Nxe4 11. Nxe4 dxe4 12. Bxe4 Nxe5 13. Nxe5 Bxe5 14. Qxd8
Rxd8 15. O-O f5 16. Bg5 Rd6 17. Bf3 Be6 1/2-1/2

[Event "?"]
[Site "?"]
[Date "????.??.??"]
[Round "?"]
[White "Breitfeld, J."]
[Black "Warnke, E."]
[Result "1/2-1/2"]
[WhiteElo "2011"]
[BlackElo "1848"]
[PlyCount "72"]
[EventDate "2013.??.??"]
[WhiteTeam "Sachsen-Anhalt"]
[BlackTeam "BSW/DBAG 4"]

1. b4 Nf6 2. Bb2 e6 3. b5 d5 4. e3 c5 5. c4 b6 6. Nf3 Bb7 7. Na3 Nbd7 8. Be2
Be7 9. O-O O-O 10. d3 Qc7 11. Qc2 h6 12. Rfc1 Rfc8 13. h3 Bd6 14. Qd1 Qd8 15.
Rc2 Qe7 16. Rd2 Rd8 17. Qb3 Rac8 18. Rad1 Bb8 19. Nc2 dxc4 20. Qxc4 Bd5 21. Qa4
Bb7 22. Qh4 Bc7 23. Nce1 e5 24. Qa4 Bb8 25. Nh2 Qd6 26. Nf1 Qe7 27. Bf3 Bxf3
28. Nxf3 Qe6 29. Ng3 c4 30. dxc4 Rxc4 31. Qb3 Rdc8 32. Ba3 Qe8 33. Bd6 Bxd6 34.
Rxd6 Rc1 35. Nf5 Rxd1+ 36. Qxd1 Rc5 1/2-1/2

[Event "?"]
[Site "?"]
[Date "????.??.??"]
[Round "?"]
[White "Lehmann, K."]
[Black "Andersson, S."]
[Result "1/2-1/2"]
[WhiteElo "2114"]
[BlackElo "1987"]
[PlyCount "34"]
[EventDate "2013.??.??"]
[WhiteTeam "SF Leipzig"]
[BlackTeam "Schweden 4"]

1. d4 f5 2. e4 fxe4 3. Nc3 Nf6 4. Bg5 g6 5. f3 exf3 6. Nxf3 Bg7 7. Bc4 c6 8.
O-O d5 9. Bd3 O-O 10. Qd2 Bg4 11. Ne5 Be6 12. Bh6 Nbd7 13. Bxg7 Kxg7 14. Qg5
Nxe5 15. Qxe5 Qd6 16. Rae1 Qxe5 17. Rxe5 Bd7 1/2-1/2

[Event "?"]
[Site "?"]
[Date "????.??.??"]
[Round "?"]
[White "Prüfer, F."]
[Black "Nordenstrom, S."]
[Result "1-0"]
[WhiteElo "2155"]
[BlackElo "1929"]
[PlyCount "89"]
[EventDate "2013.??.??"]
[WhiteTeam "SF Leipzig"]
[BlackTeam "Schweden 4"]

1. d4 Nf6 2. c4 e6 3. g3 d5 4. Nf3 c6 5. Bg2 Be7 6. O-O O-O 7. Qc2 Ne4 8. Ne5
f5 9. f3 Nf6 10. Be3 Nbd7 11. Nd3 Qe8 12. Nd2 Bd6 13. Rae1 e5 14. c5 Bc7 15.
dxe5 Nxe5 16. Bd4 Nxd3 17. exd3 Qf7 18. f4 Ba5 19. Bc3 Bxc3 20. Qxc3 Qc7 21.
Nf3 Bd7 22. Bh3 Rae8 23. Re5 Rxe5 24. Nxe5 Ng4 25. Re1 Re8 26. Nxg4 fxg4 27.
Bxg4 Qd8 28. Bxd7 Rxe1+ 29. Qxe1 Qxd7 30. Qe5 g6 31. Kg2 b6 32. cxb6 axb6 33.
Qb8+ Kg7 34. Qxb6 d4 35. Qc5 h5 36. h3 Kh7 37. a4 Qb7 38. b4 Qf7 39. Qxd4 Qa2+
40. Kf3 Qxa4 41. Qd7+ Kh6 42. g4 Qd1+ 43. Ke4 hxg4 44. hxg4 Qd2 45. g5+ 1-0

[Event "?"]
[Site "?"]
[Date "????.??.??"]
[Round "?"]
[White "Nyberg, B."]
[Black "Weber, B."]
[Result "0-1"]
[WhiteElo "1856"]
[BlackElo "2155"]
[PlyCount "90"]
[EventDate "2013.??.??"]
[WhiteTeam "Schweden 4"]
[BlackTeam "SF Leipzig"]

1. d4 Nf6 2. Bf4 d5 3. e3 c6 4. c3 Bf5 5. Nf3 e6 6. Bd3 Bxd3 7. Qxd3 Be7 8.
Nbd2 Nbd7 9. O-O O-O 10. Ne5 Nxe5 11. Bxe5 Nd7 12. Nf3 c5 13. Rad1 c4 14. Qc2
f5 15. b3 b5 16. bxc4 bxc4 17. Rb1 Nxe5 18. Nxe5 Qc7 19. f4 Rfb8 20. Qa4 Bd6
21. Rb5 Rxb5 22. Qxb5 Rb8 23. Qa4 Qb7 24. h3 a6 25. g4 Qb5 26. Qc2 Qb2 27. Rf2
Qxc2 28. Rxc2 fxg4 29. hxg4 Ba3 30. Kf1 Rb2 31. Re2 Kf8 32. e4 g6 33. f5 gxf5
34. gxf5 Ke7 35. Ke1 Rxe2+ 36. Kxe2 Bd6 37. f6+ Kxf6 38. Ng4+ Kg5 39. e5 Be7
40. Kf3 h5 41. Ne3 Ba3 42. Nc2 Bb2 43. Nb4 Bxc3 44. Nc6 Bxd4 45. Ne7 Kh4 0-1

[Event "?"]
[Site "?"]
[Date "????.??.??"]
[Round "?"]
[White "Bisse, V."]
[Black "Watzka, H."]
[Result "1/2-1/2"]
[WhiteElo "1967"]
[BlackElo "2273"]
[PlyCount "76"]
[EventDate "2013.??.??"]
[WhiteTeam "VS Seniorenschachklub DD"]
[BlackTeam "Steiermark"]

1. e4 e5 2. Nf3 Nc6 3. Bc4 Nf6 4. Nc3 Be7 5. d4 d6 6. d5 Nb8 7. h3 Nbd7 8. Be3
a6 9. a4 Nf8 10. Bd3 c6 11. a5 Ng6 12. Qd2 O-O 13. b4 Bd7 14. O-O Nh5 15. Ne2
cxd5 16. exd5 f5 17. Bc4 Qc8 18. Qc3 f4 19. Bd2 Bf5 20. Nh2 Qd7 21. Qf3 Nf6 22.
Qb3 Rac8 23. Rac1 Qc7 24. Bd3 e4 25. Nd4 Qd7 26. Nxf5 Qxf5 27. Be2 Nh4 28. Kh1
Kh8 29. c4 Rc7 30. Rg1 Ng6 31. Bc3 f3 32. g4 Qg5 33. Bf1 Nf4 34. Bd2 Nxh3 35.
Qe3 Qh4 36. Bxh3 Qxh3 37. g5 Nh5 38. Qxe4 Qf5 1/2-1/2

[Event "?"]
[Site "?"]
[Date "????.??.??"]
[Round "?"]
[White "Kothe, H."]
[Black "Kratschmer, H."]
[Result "0-1"]
[WhiteElo "1754"]
[BlackElo "2139"]
[PlyCount "60"]
[EventDate "2013.??.??"]
[WhiteTeam "VS Seniorenschachklub DD"]
[BlackTeam "Steiermark"]

1. e4 c5 2. Nf3 g6 3. d4 cxd4 4. Nxd4 Bg7 5. Be2 Nf6 6. Nc3 Nc6 7. Be3 O-O 8.
Qd2 d5 9. exd5 Nb4 10. O-O-O Nfxd5 11. Nxd5 Nxd5 12. Bh6 e5 13. Bxg7 Kxg7 14.
Nf3 Be6 15. Nxe5 Qc7 16. Qd4 f6 17. Nf3 Nf4 18. Bf1 Bxa2 19. Qd7+ Rf7 20. Qxc7
Rxc7 21. g3 Bd5 22. Rxd5 Nxd5 23. Nd4 Kf7 24. Bg2 Nb4 25. Kd2 Rd8 26. c3 Nc6
27. Kd3 Ne5+ 28. Kd2 a6 29. Re1 Rd6 30. Bh3 Nf3+ 0-1